101 câu hỏi thường gặp trong sản xuất nông nghiệp : Hướng dẫn sử dụng thuốc bảo vệ thực vật; màng phủ nông nghiệp; trồng rau sạch
Nội dung giới thiệu 101 câu hỏi về cách sử dụng bảo vệ thực vật và cách trồng cây bằng màng phủ nông nghiệp và cách trồng rau sach.
Gardado en:
| Autor Principal: | |
|---|---|
| Formato: | Libro |
| Idioma: | Undetermined |
| Publicado: |
Thành phố Hồ Chí Minh
Trẻ
2000
|
| Những chủ đề: | |
| Các nhãn: |
Engadir etiqueta
Sen Etiquetas, Sexa o primeiro en etiquetar este rexistro!
|
| Thư viện lưu trữ: | Trung tâm Học liệu Trường Đại học Cần Thơ |
|---|
| LEADER | 01064nam a2200229Ia 4500 | ||
|---|---|---|---|
| 001 | CTU_40277 | ||
| 008 | 210402s9999 xx 000 0 und d | ||
| 082 | |a 630 | ||
| 082 | |b H401/T8 | ||
| 100 | |a Trần, Văn Hòa | ||
| 245 | 0 | |a 101 câu hỏi thường gặp trong sản xuất nông nghiệp : | |
| 245 | 0 | |b Hướng dẫn sử dụng thuốc bảo vệ thực vật; màng phủ nông nghiệp; trồng rau sạch | |
| 245 | 0 | |c Trần Văn Hòa ( chủ biên ) ... [et al.] | |
| 260 | |a Thành phố Hồ Chí Minh | ||
| 260 | |b Trẻ | ||
| 260 | |c 2000 | ||
| 520 | |a Nội dung giới thiệu 101 câu hỏi về cách sử dụng bảo vệ thực vật và cách trồng cây bằng màng phủ nông nghiệp và cách trồng rau sach. | ||
| 526 | |a Kỹ thuật sản xuất rau sạch | ||
| 526 | |b NN380 | ||
| 650 | |a Mulcing,Plants, effect of chemicals on,Plants, protection of | ||
| 904 | |i Qhieu | ||
| 980 | |a Trung tâm Học liệu Trường Đại học Cần Thơ | ||